000
00326nam a2200145Ia 4500
100
_a
Chandrakant Boit
650
_a
General
942
_c
BK
366
_f
15
654
_a
Maharashtra Udyog Vyabhari Mitr
245
_a
Udyog Dalan
260
_b
Maharashtra Udyog Vyabhari Mitr
_a
Thane
300
_a
100
546
_a
MARATHI
999
_c
20007
_d
20007